01417cam a2200373 i 450000100090000000300050000900500170001400800410003101000170007202000300008902000420011903800100016104000280017104200080019905000240020708200220023110000340025324500820028726000410036930000300041033600260044033700280046633800270049450400670052156300070058865000510059565000470064665000470069377601320074090600450087294200120091799900190092995200950094820654379NUST20220825120239.0180831s2019 nyu b 001 0 eng  a 2018041568 a9780525536512 (hardcover) a9780525542872 (international edition) aAzhar aDLCbengcDLCerdadDLC apcc00aHM851b.N49256 201900a303.4833223bNEW1 aNewport, Cal,eauthor.98909110aDigital minimalism :bchoosing a focused life in a noisy world cCal Newport. aNew York :bPortfolio/Penguin,c2019 axviii, 284 pages ;c22 cm atextbtxt2rdacontent aunmediatedbn2rdamedia avolumebnc2rdacarrier aIncludes bibliographical references (pages 257-271) and index. aHB 0aInformation technologyxSocial aspects.911375 0aInternet addictionxSocial aspects.995079 0aTechnological innovationsxSocial aspects.08iOnline version:aNewport, Cal, author.tDigital minimalismdNew York : Portfolio/Penguin, 2019z9780525536543w(DLC) 2018043187 a7bcbccorignewd1eecipf20gy-gencatlg 2ddccLC c590607d590607 00102ddc4070aCLbCLcLCd2022-07-25o303.4833 NEWpLC-193r2022-07-25w2022-07-25yREF